European Countries Containing P - Statistics

General Stats
  • This quiz has been taken 78 times
  • The average score is 4 of 5
Answer Stats
Answer % Correct
Poland
99%
Portugal
97%
Spain
82%
Czech Republic
69%
Cyprus
56%
No matching quizzes found
Score Distribution
Percent of People with Each Score
Percentile by Number Answered
Your Score History
You have not taken this quiz